Normal view MARC view

Entry Nombre personal

Number of records used in: 1

001 - NÚMERO DE CONTROL

  • campo de control: 171505

003 - IDENTIFICADOR DE NÚMERO DE CONTROL

  • campo de control: OSt

005 - FECHA Y HORA DE LA ÚLTIMA TRANSACCIÓN

  • campo de control: 20250730230750.0

008 - ELEMENTOS DE DATO DE LONGITUD-FIJA

  • campo de control de longitud fija: 210430 n adnnnaa|n a aaa d

040 ## - FUENTE DE CATALOGACIÓN

  • Centro catalogador/agencia de origen: OSt
  • Centro/agencia transcriptor: OSt

100 0# - ENCABEZAMIENTO-NOMBRE DE PERSONA

  • Nombre de persona: Pedro,
  • Títulos y otros términos asociados al nombre: Infante de Aragón,
  • Fechas asociadas al nombre: 1305-1380

400 0# - TRAZADO DE VÉASE--NOMBRE DE PERSONA

  • Nombre de persona: Pedro de Aragón,
  • Títulos y otros términos asociados al nombre: Infante,
  • Fechas asociadas al nombre: 1305-1380

400 0# - TRAZADO DE VÉASE--NOMBRE DE PERSONA

  • Nombre de persona: Pedro de Aragón y Anjou,
  • Títulos y otros términos asociados al nombre: Infante,
  • Fechas asociadas al nombre: 1305-1380

400 0# - TRAZADO DE VÉASE--NOMBRE DE PERSONA

  • Nombre de persona: Pere d'Aragó i d'Anjou,
  • Títulos y otros términos asociados al nombre: Infante,
  • Fechas asociadas al nombre: 1305-1380

400 0# - TRAZADO DE VÉASE--NOMBRE DE PERSONA

  • Nombre de persona: Pedro
  • Numeración: I,
  • Títulos y otros términos asociados al nombre: Conde de Ampurias,
  • Fechas asociadas al nombre: 1305-1380

400 0# - TRAZADO DE VÉASE--NOMBRE DE PERSONA

  • Nombre de persona: Pere
  • Numeración: I,
  • Títulos y otros términos asociados al nombre: Conde de Ampurias,
  • Fechas asociadas al nombre: 1305-1380

400 1# - TRAZADO DE VÉASE--NOMBRE DE PERSONA

  • Nombre de persona: Aragón, Pedro de,
  • Títulos y otros términos asociados al nombre: Infante,
  • Fechas asociadas al nombre: 1305-1380